Managing professional development in schools. (Record no. 2971)

MARC details
000 -LEADER
fixed length control field 00626nam a22002052 4500
001 - CONTROL NUMBER
control field 0000005784
005 - DATE AND TIME OF LATEST TRANSACTION
control field 20151217145825.0
008 - FIXED-LENGTH DATA ELEMENTS--GENERAL INFORMATION
fixed length control field 070717s xx 000 0 eng d
020 ## - INTERNATIONAL STANDARD BOOK NUMBER
International Standard Book Number 0415197597 :
Terms of availability KES 2,300
040 ## - CATALOGING SOURCE
Original cataloging agency KABU
Transcribing agency KABU
050 #0 - LIBRARY OF CONGRESS CALL NUMBER
Classification number LB1731
Item number .B53
100 1# - MAIN ENTRY--PERSONAL NAME
Personal name Blandford, Sonia.
-- 0000157003
245 10 - TITLE STATEMENT
Title Managing professional development in schools.
260 ## - PUBLICATION, DISTRIBUTION, ETC. (IMPRINT)
Place of publication, distribution, etc. London :
Name of publisher, distributor, etc. Routledge,
Date of publication, distribution, etc. 2000.
300 ## - PHYSICAL DESCRIPTION
Extent xviii, 226 p.
650 #0 - SUBJECT ADDED ENTRY--TOPICAL TERM
Topical term or geographic name as entry element Teachers
General subdivision In service training
Geographic subdivision Great Britain
General subdivision Administration.
-- 0000157004
908 ## - PUT COMMAND PARAMETER (RLIN)
Put command parameter 070717
950 ## - LOCAL HOLDINGS (RLIN)
-- 1
Holdings
Withdrawn status Lost status Source of classification or shelving scheme Not for loan Home library Current library Date acquired Total Checkouts Full call number Barcode Date last seen Price effective from Koha item type
    Library of Congress Classification   Kabarak, Main Campus Kabarak, Main Campus 17/12/2015   LB1731 .B53 007638 17/12/2015 17/12/2015 General Collection
Designed with assistance from East African Informatics Ltd